000 00975cam a2200301 i 4500
003 EG-ScBUE
005 20260503091602.0
008 161023s2015 enka f bd 001 0 eng d
020 _a9781292074337
040 _aEG-ScBUE
_beng
_erda
_cEG-ScBUE
_dEG-ScBUE
082 0 4 _222
_a512.024339
_bJAC
100 1 _aJacques, Ian,
_d1957-
_eauthor.
245 1 0 _aMathematics for economics and business /
_cIan Jacques.
250 _aEighth edition.
264 1 _aHarlow :
_bPearson Education Limited,
_c2015.
300 _a660 pages :
_billustrations ;
_c28 cm
336 _2rdacontent
_atext
_btxt
337 _aunmediated
_2rdamedia
_bn
338 _avolume
_bnc
_2rdacarrier
500 _aIncludes glossary.
504 _aIncludes bibliographical references and index.
650 7 _aBusiness mathematics.
_2BUEsh
_9801
650 7 _91252
_aEconomics, Mathematical.
_2BUEsh
651 _2BUEsh
653 _bBUSADM
_cOctober2016
655 _vReading book
942 _2ddc
_cBB
999 _c22781
_d22753